[Event "wgm"]
[Site "?"]
[Date "2015.09.19"]
[Round "4.4"]
[White "Foisor, Cristina-Adela"]
[Black "Girya, Olga"]
[Result "1/2-1/2"]
[BlackElo "2483"]
[WhiteElo "2361"]
[LiveChessVersion "1.4.4"]

1. Nf3 {[%clk 1:30:56]} d5 {[%clk 1:30:55]} 2. g3 {[%clk 1:31:20]} c6
{[%clk 1:31:21]} 3. Bg2 {[%clk 1:31:45]} Bg4 {[%clk 1:31:45]} 4. d3
{[%clk 1:31:58]} Nf6 {[%clk 1:30:33]} 5. h3 {[%clk 1:31:55]} Bh5 {[%clk 1:30:41]}
6. O-O {[%clk 1:32:03]} Nbd7 {[%clk 1:31:04]} 7. Qe1 {[%clk 1:32:26]} e5
{[%clk 1:30:38]} 8. e4 {[%clk 1:32:50]} dxe4 {[%clk 1:31:05]} 9. dxe4
{[%clk 1:33:17]} Be7 {[%clk 1:28:43]} 10. a4 {[%clk 1:32:16]} a5 {[%clk 1:14:22]}
11. Na3 {[%clk 1:31:34]} O-O {[%clk 1:12:30]} 12. Nc4 {[%clk 1:31:53]} Bxf3
{[%clk 1:02:31]} 13. Bxf3 {[%clk 1:32:18]} Bb4 {[%clk 1:02:40]} 14. Qe2
{[%clk 1:26:55]} Qc7 {[%clk 1:02:02]} 15. Kg2 {[%clk 1:19:50]} Rfe8
{[%clk 1:01:22]} 16. h4 {[%clk 1:19:45]} Nf8 {[%clk 0:59:34]} 17. Bg5
{[%clk 1:15:34]} N6d7 {[%clk 0:59:13]} 18. Bg4 {[%clk 1:14:31]} Ne6
{[%clk 0:57:40]} 19. Bxe6 {[%clk 1:12:14]} Rxe6 {[%clk 0:55:45]} 20. Rfd1
{[%clk 1:09:27]} Bc5 {[%clk 0:37:01]} 21. Rd2 {[%clk 1:01:42]} h6
{[%clk 0:26:14]} 22. Rad1 {[%clk 1:00:25]} Bd4 {[%clk 0:25:24]} 23. Be3
{[%clk 0:48:42]} Nf6 {[%clk 0:25:42]} 24. c3 {[%clk 0:47:16]} Bxe3
{[%clk 0:25:56]} 25. Qxe3 {[%clk 0:42:00]} b5 {[%clk 0:24:44]} 26. Nb6
{[%clk 0:37:18]} Rae8 {[%clk 0:23:57]} 27. c4 {[%clk 0:28:42]} Nxe4
{[%clk 0:17:17]} 28. Rd7 {[%clk 0:27:57]} Qb8 {[%clk 0:17:41]} 29. Qxe4
{[%clk 0:27:07]} Qxb6 {[%clk 0:18:04]} 30. cxb5 {[%clk 0:27:05]} cxb5
{[%clk 0:11:26]} 31. Rb7 {[%clk 0:26:51]} Qc6 {[%clk 0:07:20]} 32. Qxc6
{[%clk 0:27:11]} Rxc6 {[%clk 0:07:47]} 33. Rxb5 {[%clk 0:27:35]} Rc2
{[%clk 0:07:03]} 34. Rd3 {[%clk 0:24:53]} g6 {[%clk 0:02:09]} 35. Rc3
{[%clk 0:08:36]} Rxc3 {[%clk 0:00:56]} 36. bxc3 {[%clk 0:09:03]} Rc8
{[%clk 0:00:44]} 37. Rxe5 {[%clk 0:09:19]} Rxc3 {[%clk 0:01:10]} 38. h5
{[%clk 0:09:12]} Ra3 {[%clk 0:01:17]} 39. hxg6 {[%clk 0:07:10]} Rxa4
{[%clk 0:01:19]} 40. gxf7+ {[%clk 0:37:35]} Kxf7 {[%clk 0:31:46]} 41. Kh3
{[%clk 0:35:34]} Ra1 {[%clk 0:19:59]} 42. Kg4 {[%clk 0:35:27]} a4
{[%clk 0:17:51]} 43. Ra5 {[%clk 0:35:51]} a3 {[%clk 0:17:40]} 44. Kf5
{[%clk 0:31:44]} h5 {[%clk 0:13:30]} 45. Ra7+ {[%clk 0:31:32]} Ke8
{[%clk 0:13:19]} 46. f4 {[%clk 0:28:57]} a2 {[%clk 0:13:10]} 47. Kf6
{[%clk 0:27:20]} h4 {[%clk 0:08:54]} 48. Ra8+ {[%clk 0:26:35]} Kd7
{[%clk 0:09:23]} 49. gxh4 {[%clk 0:26:59]} Rf1 {[%clk 0:09:43]} 50. Rxa2
{[%clk 0:27:17]} Rxf4+ {[%clk 0:10:09]} 51. Kg5 {[%clk 0:27:44]} Rf1
{[%clk 0:08:00]} 52. Re2 {[%clk 0:24:50]} Rg1+ {[%clk 0:08:18]} 53. Kf6
{[%clk 0:24:47]} Rf1+ {[%clk 0:08:39]} 54. Kg6 {[%clk 0:25:13]} Rg1+
{[%clk 0:08:57]} 55. Kh6 {[%clk 0:25:22]} Kd6 {[%clk 0:08:29]} 56. Re4
{[%clk 0:25:24]} Rg2 {[%clk 0:08:23]} 57. h5 {[%clk 0:24:17]} Kd7
{[%clk 0:08:12]} 58. Kh7 {[%clk 0:23:50]} Rg5 {[%clk 0:07:57]} 59. h6
{[%clk 0:23:46]} Rg1 {[%clk 0:08:25]} 60. Ra4 {[%clk 0:23:25]} Ke7
{[%clk 0:08:26]} 61. Ra7+ {[%clk 0:23:38]} Kf8 {[%clk 0:08:24]} 62. Rg7
{[%clk 0:23:45]} Rf1 {[%clk 0:08:42]} 63. Rg3 {[%clk 0:23:35]} Kf7
{[%clk 0:08:58]} 64. Ra3 {[%clk 0:23:52]} Rg1 {[%clk 0:09:16]} 1/2-1/2

[Event "wgm"]
[Site "?"]
[Date "2015.09.19"]
[Round "4.5"]
[White "Bulmaga, Irina"]
[Black "Majdan-Gajewska, Joanna"]
[Result "1/2-1/2"]
[BlackElo "2391"]
[WhiteElo "2372"]
[LiveChessVersion "1.4.4"]

1. e4 {[%clk 1:30:56]} c5 {[%clk 1:30:54]} 2. Nf3 {[%clk 1:31:19]} d6
{[%clk 1:31:18]} 3. d4 {[%clk 1:31:41]} cxd4 {[%clk 1:31:41]} 4. Nxd4
{[%clk 1:32:05]} Nf6 {[%clk 1:32:07]} 5. Nc3 {[%clk 1:32:28]} a6 {[%clk 1:32:30]}
6. Be3 {[%clk 1:31:55]} e5 {[%clk 1:32:54]} 7. Nb3 {[%clk 1:31:53]} Be6
{[%clk 1:33:18]} 8. Be2 {[%clk 1:31:44]} Be7 {[%clk 1:30:09]} 9. O-O
{[%clk 1:31:44]} O-O {[%clk 1:27:05]} 10. Qd2 {[%clk 1:31:12]} Nbd7
{[%clk 1:25:00]} 11. a4 {[%clk 1:31:33]} Rc8 {[%clk 1:25:11]} 12. a5
{[%clk 1:27:09]} Qc7 {[%clk 1:15:57]} 13. Rfc1 {[%clk 1:25:08]} Nc5
{[%clk 1:12:26]} 14. Nxc5 {[%clk 1:07:15]} dxc5 {[%clk 1:12:52]} 15. Bf3
{[%clk 1:05:00]} Rfd8 {[%clk 1:08:27]} 16. Qe2 {[%clk 1:03:55]} h6
{[%clk 1:08:16]} 17. h3 {[%clk 0:54:06]} Qc6 {[%clk 1:05:57]} 18. Na4
{[%clk 0:49:38]} Rc7 {[%clk 0:52:40]} 19. c4 {[%clk 0:48:23]} Ne8
{[%clk 0:42:42]} 20. Nb6 {[%clk 0:47:36]} Nd6 {[%clk 0:39:24]} 21. Nd5
{[%clk 0:39:07]} Bxd5 {[%clk 0:37:05]} 22. cxd5 {[%clk 0:36:46]} Qb5
{[%clk 0:37:33]} 23. Qc2 {[%clk 0:36:24]} Bg5 {[%clk 0:35:14]} 24. Be2
{[%clk 0:32:42]} Qe8 {[%clk 0:34:13]} 25. Bxg5 {[%clk 0:27:28]} hxg5
{[%clk 0:34:35]} 26. Ra3 {[%clk 0:26:26]} c4 {[%clk 0:29:08]} 27. Rc3
{[%clk 0:21:35]} Rdc8 {[%clk 0:29:21]} 28. Bg4 {[%clk 0:21:22]} Rd8
{[%clk 0:29:46]} 29. Qe2 {[%clk 0:17:31]} Qb5 {[%clk 0:25:01]} 30. b3
{[%clk 0:13:13]} Qxa5 {[%clk 0:25:13]} 31. bxc4 {[%clk 0:13:33]} Qc5
{[%clk 0:24:19]} 32. Bf3 {[%clk 0:12:10]} Rdc8 {[%clk 0:22:28]} 33. Bg4
{[%clk 0:09:59]} Ra8 {[%clk 0:21:43]} 34. Bf3 {[%clk 0:10:17]} a5
{[%clk 0:17:56]} 35. Qd2 {[%clk 0:09:56]} g4 {[%clk 0:15:45]} 36. hxg4
{[%clk 0:10:16]} a4 {[%clk 0:16:14]} 37. g5 {[%clk 0:09:18]} a3 {[%clk 0:16:23]}
38. Qa2 {[%clk 0:07:33]} b5 {[%clk 0:15:21]} 39. g6 {[%clk 0:04:55]} bxc4
{[%clk 0:10:36]} 40. gxf7+ {[%clk 0:34:19]} Rxf7 {[%clk 0:41:04]} 41. Ra1
{[%clk 0:30:03]} Qd4 {[%clk 0:24:46]} 42. Rxa3 {[%clk 0:29:03]} Rxa3
{[%clk 0:25:09]} 43. Qxa3 {[%clk 0:29:28]} Nxe4 {[%clk 0:25:30]} 44. Bxe4
{[%clk 0:25:50]} Qxe4 {[%clk 0:25:35]} 45. Qc5 {[%clk 0:20:25]} Rf6
{[%clk 0:24:26]} 46. Rc1 {[%clk 0:11:27]} Rg6 {[%clk 0:23:31]} 47. Qc8+
{[%clk 0:11:49]} Kh7 {[%clk 0:23:56]} 48. Qh3+ {[%clk 0:11:47]} Rh6
{[%clk 0:24:08]} 49. Qc3 {[%clk 0:11:12]} Qh4 {[%clk 0:20:43]} 50. Kf1
{[%clk 0:07:16]} Qh1+ {[%clk 0:19:39]} 51. Ke2 {[%clk 0:07:45]} Qxg2
{[%clk 0:19:48]} 52. Qf3 {[%clk 0:07:33]} Qxf3+ {[%clk 0:18:12]} 1/2-1/2

[Event "wgm"]
[Site "?"]
[Date "2015.09.24"]
[Round "5.1"]
[White "Zawadzka, Jolanta"]
[Black "Foisor, Cristina-adela"]
[Result "1-0"]
[BlackElo "2361"]
[WhiteElo "2430"]
[LiveChessVersion "1.4.4"]

1. e4 {[%clk 1:30:59]} e5 {[%clk 1:30:47]} 2. Nf3 {[%clk 1:31:24]} Nc6
{[%clk 1:31:12]} 3. Bb5 {[%clk 1:31:50]} a6 {[%clk 1:31:37]} 4. Ba4
{[%clk 1:32:16]} Nf6 {[%clk 1:31:31]} 5. O-O {[%clk 1:32:34]} Be7
{[%clk 1:32:24]} 6. Re1 {[%clk 1:32:49]} b5 {[%clk 1:32:48]} 7. Bb3
{[%clk 1:33:15]} d6 {[%clk 1:33:13]} 8. c3 {[%clk 1:33:38]} O-O {[%clk 1:33:36]}
9. d4 {[%clk 1:33:27]} Bg4 {[%clk 1:33:41]} 10. d5 {[%clk 1:33:29]} Na5
{[%clk 1:34:05]} 11. Bc2 {[%clk 1:33:53]} Qc8 {[%clk 1:34:19]} 12. h3
{[%clk 1:31:40]} Bd7 {[%clk 1:34:40]} 13. Nbd2 {[%clk 1:26:27]} c6
{[%clk 1:35:00]} 14. dxc6 {[%clk 1:26:41]} Qxc6 {[%clk 1:35:25]} 15. Nf1
{[%clk 1:26:19]} Rfc8 {[%clk 1:35:49]} 16. Bd3 {[%clk 1:13:33]} Bd8
{[%clk 1:31:57]} 17. Ng3 {[%clk 1:11:19]} Nb7 {[%clk 1:29:40]} 18. Bg5
{[%clk 1:04:09]} Nc5 {[%clk 1:28:35]} 19. Qd2 {[%clk 0:54:19]} Ne8
{[%clk 1:11:00]} 20. Bc2 {[%clk 0:52:54]} f6 {[%clk 1:06:44]} 21. Be3
{[%clk 0:52:25]} Be6 {[%clk 1:05:35]} 22. Nh2 {[%clk 0:43:57]} Na4
{[%clk 1:00:58]} 23. Bb3 {[%clk 0:42:35]} Bxb3 {[%clk 0:57:14]} 24. axb3
{[%clk 0:43:01]} Nc5 {[%clk 0:57:35]} 25. Bxc5 {[%clk 0:42:06]} dxc5
{[%clk 0:53:58]} 26. Ng4 {[%clk 0:40:44]} Qe6 {[%clk 0:50:27]} 27. Ne3
{[%clk 0:38:04]} Nd6 {[%clk 0:46:15]} 28. Red1 {[%clk 0:35:08]} Rc6
{[%clk 0:43:32]} 29. Nd5 {[%clk 0:25:38]} a5 {[%clk 0:40:16]} 30. Qe2
{[%clk 0:23:38]} c4 {[%clk 0:38:48]} 31. bxc4 {[%clk 0:23:48]} Rxc4
{[%clk 0:35:12]} 32. Ne3 {[%clk 0:23:00]} Rc6 {[%clk 0:28:18]} 33. Ngf5
{[%clk 0:22:02]} Rb8 {[%clk 0:19:32]} 34. Rd5 {[%clk 0:17:47]} b4
{[%clk 0:13:31]} 35. Rad1 {[%clk 0:16:10]} Bc7 {[%clk 0:10:19]} 36. Qg4
{[%clk 0:15:23]} Ne8 {[%clk 0:06:23]} 37. Rd7 {[%clk 0:14:55]} Kf8
{[%clk 0:06:30]} 38. Rxg7 {[%clk 0:13:39]} bxc3 {[%clk 0:05:10]} 39. Rxh7
{[%clk 0:13:19]} Qg8 {[%clk 0:05:04]} 40. Rdd7 {[%clk 0:41:40]} Qxh7
{[%clk 0:32:21]} 41. Rxh7 {[%clk 0:42:02]} cxb2 {[%clk 0:32:48]} 42. Rh8+
{[%clk 0:42:20]} 1-0

[Event "wgm"]
[Site "?"]
[Date "2015.09.24"]
[Round "5.2"]
[White "Socko, Monika"]
[Black "Mkrtchian, Lilit"]
[Result "1/2-1/2"]
[BlackElo "2440"]
[WhiteElo "2456"]
[LiveChessVersion "1.4.4"]

1. e4 {[%clk 1:30:57]} e5 {[%clk 1:30:14]} 2. Nf3 {[%clk 1:31:11]} Nc6
{[%clk 1:30:37]} 3. Bb5 {[%clk 1:31:34]} a6 {[%clk 1:30:20]} 4. Bxc6
{[%clk 1:31:50]} dxc6 {[%clk 1:30:35]} 5. O-O {[%clk 1:32:08]} Bd6
{[%clk 1:30:08]} 6. d4 {[%clk 1:29:57]} exd4 {[%clk 1:30:31]} 7. Qxd4
{[%clk 1:29:50]} f6 {[%clk 1:30:45]} 8. Nbd2 {[%clk 1:26:51]} Be6
{[%clk 1:30:40]} 9. b3 {[%clk 1:21:40]} Ne7 {[%clk 1:05:43]} 10. Bb2
{[%clk 1:18:04]} Ng6 {[%clk 1:04:15]} 11. Rad1 {[%clk 1:11:40]} Qe7
{[%clk 0:59:48]} 12. Qe3 {[%clk 1:07:17]} O-O {[%clk 0:48:47]} 13. Nd4
{[%clk 1:04:08]} Bg4 {[%clk 0:47:14]} 14. N2f3 {[%clk 0:55:41]} Ne5
{[%clk 0:26:47]} 15. h3 {[%clk 0:49:47]} c5 {[%clk 0:26:15]} 16. hxg4
{[%clk 0:43:43]} cxd4 {[%clk 0:26:36]} 17. Qxd4 {[%clk 0:41:08]} Nxg4
{[%clk 0:25:39]} 18. Qd5+ {[%clk 0:34:37]} Kh8 {[%clk 0:25:45]} 19. Qxb7
{[%clk 0:32:59]} Rab8 {[%clk 0:25:05]} 20. Qxa6 {[%clk 0:28:15]} Ra8
{[%clk 0:25:30]} 21. Qc4 {[%clk 0:26:28]} Rxa2 {[%clk 0:24:19]} 22. Ba1
{[%clk 0:25:40]} Rfa8 {[%clk 0:16:19]} 23. e5 {[%clk 0:23:34]} Nxe5
{[%clk 0:16:39]} 24. Bxe5 {[%clk 0:23:59]} fxe5 {[%clk 0:16:42]} 25. Rfe1
{[%clk 0:23:46]} Rf8 {[%clk 0:15:43]} 26. Re2 {[%clk 0:23:10]} Raa8
{[%clk 0:09:53]} 27. Rde1 {[%clk 0:20:18]} Qf6 {[%clk 0:09:44]} 28. Qh4
{[%clk 0:19:58]} Qxh4 {[%clk 0:04:55]} 29. Nxh4 {[%clk 0:20:26]} Ra2
{[%clk 0:04:32]} 30. Nf3 {[%clk 0:19:41]} h6 {[%clk 0:03:11]} 31. Rc1
{[%clk 0:16:52]} Rf5 {[%clk 0:00:57]} 32. Kf1 {[%clk 0:15:22]} Kg8
{[%clk 0:00:38]} 33. Rd1 {[%clk 0:11:24]} Kf7 {[%clk 0:00:37]} 34. c4
{[%clk 0:09:55]} Rxe2 {[%clk 0:00:27]} 35. Kxe2 {[%clk 0:10:24]} Ke6
{[%clk 0:01:09]} 36. Rd5 {[%clk 0:07:38]} Rf8 {[%clk 0:01:14]} 37. Rb5
{[%clk 0:07:11]} Ra8 {[%clk 0:01:21]} 38. Nd2 {[%clk 0:05:00]} Ra2
{[%clk 0:00:54]} 39. Kd3 {[%clk 0:05:11]} Be7 {[%clk 0:00:43]} 40. Ne4
{[%clk 0:34:16]} h5 {[%clk 0:30:35]} 41. Rb7 {[%clk 0:30:45]} Kd7
{[%clk 0:29:21]} 42. Rb5 {[%clk 0:29:39]} Ke6 {[%clk 0:29:40]} 43. Rb7
{[%clk 0:29:37]} Kd7 {[%clk 0:30:06]} 44. Rb5 1/2-1/2

[Event "wgm"]
[Site "?"]
[Date "2015.09.24"]
[Round "5.3"]
[White "Gaponenko, Inna"]
[Black "Szczepkowska-horowska, Karina"]
[Result "1/2-1/2"]
[BlackElo "2395"]
[WhiteElo "2402"]
[LiveChessVersion "1.4.4"]

1. e4 {[%clk 1:30:58]} e5 {[%clk 1:30:54]} 2. Nf3 {[%clk 1:31:23]} Nc6
{[%clk 1:31:21]} 3. Bb5 {[%clk 1:31:47]} a6 {[%clk 1:31:47]} 4. Bxc6
{[%clk 1:32:12]} dxc6 {[%clk 1:32:14]} 5. Nc3 {[%clk 1:32:35]} Qd6
{[%clk 1:25:55]} 6. d4 {[%clk 1:32:04]} exd4 {[%clk 1:25:26]} 7. Qxd4
{[%clk 1:32:16]} Bg4 {[%clk 1:23:07]} 8. Be3 {[%clk 1:30:13]} Qxd4
{[%clk 1:11:40]} 9. Bxd4 {[%clk 1:14:39]} f6 {[%clk 1:08:22]} 10. h3
{[%clk 1:09:20]} Bxf3 {[%clk 0:59:46]} 11. gxf3 {[%clk 1:09:46]} Bd6
{[%clk 1:00:10]} 12. Ne2 {[%clk 1:03:38]} Ne7 {[%clk 0:58:10]} 13. h4
{[%clk 0:53:03]} Kf7 {[%clk 0:49:52]} 14. f4 {[%clk 0:43:15]} c5 {[%clk 0:45:10]}
15. Be3 {[%clk 0:41:03]} Rhe8 {[%clk 0:42:44]} 16. O-O-O {[%clk 0:34:39]} b5
{[%clk 0:37:40]} 17. h5 {[%clk 0:29:44]} Nc6 {[%clk 0:36:44]} 18. f3
{[%clk 0:28:48]} Rad8 {[%clk 0:36:10]} 19. c3 {[%clk 0:21:52]} b4
{[%clk 0:31:46]} 20. Kc2 {[%clk 0:20:57]} bxc3 {[%clk 0:28:43]} 21. bxc3
{[%clk 0:21:18]} Na5 {[%clk 0:28:58]} 22. Ng3 {[%clk 0:14:42]} Bf8
{[%clk 0:27:44]} 23. Nf5 {[%clk 0:12:17]} Nc4 {[%clk 0:25:58]} 24. Bc1
{[%clk 0:12:46]} Nb6 {[%clk 0:26:03]} 25. Be3 {[%clk 0:10:18]} Nc4
{[%clk 0:26:08]} 26. Bc1 {[%clk 0:10:36]} Nb6 {[%clk 0:26:22]} 27. Rxd8
{[%clk 0:05:01]} Rxd8 {[%clk 0:26:50]} 28. Rd1 {[%clk 0:05:08]} Rxd1
{[%clk 0:26:45]} 29. Kxd1 {[%clk 0:05:37]} g6 {[%clk 0:24:54]} 30. hxg6+
{[%clk 0:06:03]} hxg6 {[%clk 0:25:10]} 31. Ne3 {[%clk 0:06:10]} Bd6
{[%clk 0:25:08]} 32. f5 {[%clk 0:05:41]} gxf5 {[%clk 0:24:05]} 33. Nxf5
{[%clk 0:06:06]} Ke6 {[%clk 0:23:00]} 34. Ke2 {[%clk 0:04:51]} Be5
{[%clk 0:18:13]} 35. Kd3 {[%clk 0:04:58]} Na4 {[%clk 0:15:17]} 36. c4
{[%clk 0:01:18]} Nc3 {[%clk 0:14:23]} 37. a3 {[%clk 0:01:42]} Na4
{[%clk 0:14:44]} 38. Kc2 {[%clk 0:01:17]} Nb6 {[%clk 0:12:32]} 39. Kd3
{[%clk 0:01:33]} Na4 {[%clk 0:12:50]} 40. Kc2 {[%clk 0:31:36]} Nb6
{[%clk 0:43:16]} 41. Kb3 {[%clk 0:25:19]} Nd7 {[%clk 0:40:27]} 42. Be3
{[%clk 0:22:41]} Bd6 {[%clk 0:37:25]} 43. f4 {[%clk 0:21:55]} Nb8
{[%clk 0:37:08]} 44. Kc3 {[%clk 0:18:58]} Nd7 {[%clk 0:37:23]} 45. Nh4
{[%clk 0:14:02]} Nb8 {[%clk 0:36:52]} 46. Nf3 {[%clk 0:11:11]} Nc6
{[%clk 0:35:16]} 47. Ne1 {[%clk 0:09:56]} Nb8 {[%clk 0:32:16]} 48. Nd3
{[%clk 0:08:05]} Nd7 {[%clk 0:32:41]} 49. f5+ {[%clk 0:05:49]} Ke7
{[%clk 0:32:46]} 50. Kb3 {[%clk 0:05:39]} Kd8 {[%clk 0:32:48]} 51. Bf2
{[%clk 0:05:11]} Ke7 {[%clk 0:32:18]} 52. Ka4 {[%clk 0:04:27]} Nb6+
{[%clk 0:32:41]} 53. Kb3 {[%clk 0:04:53]} Nd7 {[%clk 0:33:08]} 54. Be3
{[%clk 0:01:00]} Kd8 {[%clk 0:33:22]} 55. Nf4 {[%clk 0:01:00]} Ke7
{[%clk 0:31:02]} 56. Nd5+ {[%clk 0:01:00]} Kf7 {[%clk 0:29:48]} 57. Nf4
{[%clk 0:00:50]} Ke7 {[%clk 0:29:17]} 58. Ne6 {[%clk 0:00:49]} Ke8
{[%clk 0:29:30]} 59. Nf4 {[%clk 0:00:51]} 1/2-1/2

[Event "wgm"]
[Site "?"]
[Date "2015.09.24"]
[Round "5.4"]
[White "Majdan-gajewska, Joanna"]
[Black "Kashlinskaya, Alina"]
[Result "1/2-1/2"]
[BlackElo "2424"]
[WhiteElo "2391"]
[LiveChessVersion "1.4.4"]

1. e4 {[%clk 1:30:58]} e5 {[%clk 1:30:54]} 2. Nf3 {[%clk 1:31:21]} Nc6
{[%clk 1:31:19]} 3. Bb5 {[%clk 1:31:42]} Nf6 {[%clk 1:31:43]} 4. d3
{[%clk 1:31:50]} Bc5 {[%clk 1:32:07]} 5. c3 {[%clk 1:31:33]} O-O {[%clk 1:32:28]}
6. O-O {[%clk 1:31:36]} Re8 {[%clk 1:32:05]} 7. b4 {[%clk 1:27:29]} Bb6
{[%clk 1:19:24]} 8. Bc4 {[%clk 1:26:49]} d6 {[%clk 1:16:26]} 9. a4
{[%clk 1:25:19]} a6 {[%clk 1:12:09]} 10. Nbd2 {[%clk 1:19:59]} Ne7
{[%clk 1:04:01]} 11. Qb3 {[%clk 1:18:59]} Rf8 {[%clk 1:03:47]} 12. a5
{[%clk 1:07:57]} Ba7 {[%clk 1:03:56]} 13. Qa2 {[%clk 1:05:24]} Ng6
{[%clk 1:03:10]} 14. d4 {[%clk 1:03:35]} Nh5 {[%clk 0:51:10]} 15. Re1
{[%clk 0:52:09]} Qf6 {[%clk 0:46:48]} 16. Nf1 {[%clk 0:51:01]} Nhf4
{[%clk 0:46:29]} 17. Be3 {[%clk 0:44:33]} Bg4 {[%clk 0:40:30]} 18. N1d2
{[%clk 0:42:17]} h5 {[%clk 0:35:30]} 19. Reb1 {[%clk 0:31:36]} h4
{[%clk 0:34:44]} 20. b5 {[%clk 0:28:59]} h3 {[%clk 0:22:54]} 21. g3
{[%clk 0:29:28]} Ne6 {[%clk 0:18:31]} 22. Be2 {[%clk 0:21:06]} Bxf3
{[%clk 0:16:16]} 23. Nxf3 {[%clk 0:21:31]} exd4 {[%clk 0:16:21]} 24. cxd4
{[%clk 0:21:57]} Nxd4 {[%clk 0:16:30]} 25. Nxd4 {[%clk 0:22:22]} Bxd4
{[%clk 0:16:54]} 26. Bxd4 {[%clk 0:22:30]} Qxd4 {[%clk 0:17:23]} 27. Qa4
{[%clk 0:17:06]} Qd2 {[%clk 0:14:57]} 28. Bf1 {[%clk 0:16:12]} Qh6
{[%clk 0:11:34]} 29. bxa6 {[%clk 0:16:02]} bxa6 {[%clk 0:12:04]} 30. Qd7
{[%clk 0:16:09]} Ne5 {[%clk 0:12:14]} 31. Qxh3 {[%clk 0:14:38]} Qf6
{[%clk 0:11:12]} 32. Be2 {[%clk 0:13:36]} c5 {[%clk 0:10:13]} 33. Qf1
{[%clk 0:12:27]} g6 {[%clk 0:08:57]} 34. Rb6 {[%clk 0:12:00]} c4 {[%clk 0:07:17]}
35. Rd1 {[%clk 0:12:24]} Nf3+ {[%clk 0:07:06]} 36. Bxf3 {[%clk 0:12:47]} Qxf3
{[%clk 0:07:36]} 37. Rbxd6 {[%clk 0:12:03]} Rac8 {[%clk 0:04:28]} 38. e5
{[%clk 0:07:44]} c3 {[%clk 0:04:45]} 39. Qd3 {[%clk 0:07:15]} Qxd3
{[%clk 0:03:11]} 40. R6xd3 {[%clk 0:37:44]} Rc5 {[%clk 0:33:00]} 41. Rc1
{[%clk 0:33:31]} Rxe5 {[%clk 0:31:05]} 42. Rcxc3 {[%clk 0:33:55]} 1/2-1/2

[Event "wgm"]
[Site "?"]
[Date "2015.09.24"]
[Round "5.5"]
[White "Girya, Olga"]
[Black "Bulmaga, Irina"]
[Result "1/2-1/2"]
[BlackElo "2372"]
[WhiteElo "2483"]
[LiveChessVersion "1.4.4"]

1. d4 {[%clk 1:30:59]} Nf6 {[%clk 1:30:52]} 2. c4 {[%clk 1:31:24]} e6
{[%clk 1:31:16]} 3. Nf3 {[%clk 1:31:50]} b6 {[%clk 1:31:39]} 4. g3
{[%clk 1:31:44]} Bb4+ {[%clk 1:31:59]} 5. Bd2 {[%clk 1:31:59]} Be7
{[%clk 1:32:20]} 6. Nc3 {[%clk 1:31:53]} Bb7 {[%clk 1:31:19]} 7. Bg2
{[%clk 1:32:17]} c6 {[%clk 1:31:20]} 8. e4 {[%clk 1:31:40]} d5 {[%clk 1:31:13]}
9. exd5 {[%clk 1:31:54]} cxd5 {[%clk 1:31:14]} 10. Ne5 {[%clk 1:32:05]} O-O
{[%clk 1:31:20]} 11. O-O {[%clk 1:32:14]} Nc6 {[%clk 1:29:13]} 12. cxd5
{[%clk 1:31:59]} Nxe5 {[%clk 1:20:48]} 13. d6 {[%clk 1:31:17]} Nc6
{[%clk 1:20:53]} 14. dxe7 {[%clk 1:31:38]} Qxe7 {[%clk 1:21:17]} 15. Bg5
{[%clk 1:31:31]} h6 {[%clk 1:16:49]} 16. d5 {[%clk 1:30:58]} Na5 {[%clk 1:02:53]}
17. d6 {[%clk 1:26:06]} Qd8 {[%clk 1:03:20]} 18. Bxf6 {[%clk 1:26:06]} Qxf6
{[%clk 1:03:16]} 19. Qe2 {[%clk 1:26:19]} Rad8 {[%clk 0:49:29]} 20. Rfd1
{[%clk 1:16:48]} e5 {[%clk 0:34:00]} 21. Bxb7 {[%clk 0:58:29]} Nxb7
{[%clk 0:34:21]} 22. d7 {[%clk 0:57:13]} Qe6 {[%clk 0:29:45]} 23. Rd5
{[%clk 0:50:02]} Rxd7 {[%clk 0:27:55]} 24. Rxe5 {[%clk 0:50:12]} Qc6
{[%clk 0:27:27]} 25. Rc1 {[%clk 0:45:41]} Nd8 {[%clk 0:23:36]} 26. Rd1
{[%clk 0:29:36]} Rxd1+ {[%clk 0:23:08]} 27. Qxd1 {[%clk 0:30:04]} Ne6
{[%clk 0:22:52]} 28. Rd5 {[%clk 0:29:36]} Re8 {[%clk 0:20:14]} 29. h4
{[%clk 0:27:45]} Nf8 {[%clk 0:17:55]} 30. Rd8 {[%clk 0:26:30]} Rxd8
{[%clk 0:10:35]} 31. Qxd8 {[%clk 0:26:58]} Qd7 {[%clk 0:10:56]} 32. Qxd7
{[%clk 0:23:00]} Nxd7 {[%clk 0:11:24]} 33. Kf1 {[%clk 0:21:04]} Kf8
{[%clk 0:10:31]} 34. Ke2 {[%clk 0:20:47]} Ke7 {[%clk 0:10:26]} 35. Ke3
{[%clk 0:19:49]} a6 {[%clk 0:08:54]} 36. Kd4 {[%clk 0:16:01]} Kd6
{[%clk 0:09:07]} 37. Ne4+ {[%clk 0:06:16]} Ke6 {[%clk 0:09:23]} 38. f4
{[%clk 0:05:23]} f5 {[%clk 0:08:45]} 39. Nc3 {[%clk 0:01:35]} Nf6
{[%clk 0:08:50]} 40. a4 {[%clk 0:31:15]} Kd6 {[%clk 0:36:41]} 41. b4
{[%clk 0:23:38]} g6 {[%clk 0:25:11]} 42. Kc4 {[%clk 0:23:38]} Kc6
{[%clk 0:17:29]} 43. Ne2 {[%clk 0:15:07]} Nh5 {[%clk 0:15:20]} 44. Nd4+
{[%clk 0:14:09]} Kd6 {[%clk 0:15:48]} 45. Ne2 {[%clk 0:14:25]} 1/2-1/2

[Event "wgm"]
[Site "?"]
[Date "2015.09.24"]
[Round "6.1"]
[White "Szczepkowska-horowska, Karina"]
[Black "Socko, Monika"]
[Result "1-0"]
[BlackElo "2456"]
[WhiteElo "2395"]
[LiveChessVersion "1.4.4"]

1. d4 {[%clk 1:30:57]} Nf6 {[%clk 1:30:58]} 2. c4 {[%clk 1:31:19]} g6
{[%clk 1:31:19]} 3. Nc3 {[%clk 1:31:30]} Bg7 {[%clk 1:31:40]} 4. e4
{[%clk 1:31:19]} d6 {[%clk 1:32:06]} 5. f3 {[%clk 1:31:05]} O-O {[%clk 1:32:29]}
6. Nge2 {[%clk 1:30:43]} a6 {[%clk 1:32:40]} 7. Be3 {[%clk 1:29:53]} Nc6
{[%clk 1:32:53]} 8. Qd2 {[%clk 1:29:34]} Na5 {[%clk 1:32:51]} 9. Nc1
{[%clk 1:26:39]} Nd7 {[%clk 1:32:54]} 10. Be2 {[%clk 1:22:35]} c5
{[%clk 1:32:38]} 11. dxc5 {[%clk 1:09:40]} dxc5 {[%clk 1:28:43]} 12. Nb3
{[%clk 1:04:56]} Nxb3 {[%clk 1:18:36]} 13. axb3 {[%clk 1:05:23]} e6
{[%clk 1:17:47]} 14. O-O-O {[%clk 0:58:11]} Qc7 {[%clk 1:00:30]} 15. h4
{[%clk 0:55:45]} b5 {[%clk 0:56:22]} 16. h5 {[%clk 0:54:01]} bxc4
{[%clk 0:47:09]} 17. hxg6 {[%clk 0:54:21]} fxg6 {[%clk 0:44:49]} 18. Nd5
{[%clk 0:46:55]} exd5 {[%clk 0:29:53]} 19. Qxd5+ {[%clk 0:47:19]} Rf7
{[%clk 0:30:00]} 20. Bxc4 {[%clk 0:46:39]} Nb6 {[%clk 0:29:27]} 21. Qd8+
{[%clk 0:41:22]} Qxd8 {[%clk 0:29:48]} 22. Rxd8+ {[%clk 0:41:45]} Bf8
{[%clk 0:30:16]} 23. Bxf7+ {[%clk 0:41:09]} Kxf7 {[%clk 0:30:44]} 24. Rxh7+
{[%clk 0:37:12]} Kg8 {[%clk 0:31:11]} 25. Rc7 {[%clk 0:37:23]} Be6
{[%clk 0:29:38]} 26. Rxa8 {[%clk 0:34:49]} Nxa8 {[%clk 0:30:07]} 27. Ra7
{[%clk 0:35:12]} Bxb3 {[%clk 0:19:50]} 28. Rxa8 {[%clk 0:35:24]} Kf7
{[%clk 0:20:17]} 29. Rxa6 {[%clk 0:35:40]} Bc4 {[%clk 0:20:41]} 30. Rc6
{[%clk 0:34:59]} Bf1 {[%clk 0:21:05]} 31. Bxc5 {[%clk 0:35:17]} Bh6+
{[%clk 0:21:26]} 32. Kd1 {[%clk 0:35:38]} Bxg2 {[%clk 0:21:31]} 33. Ke2
{[%clk 0:35:58]} Bh3 {[%clk 0:21:57]} 34. Rc7+ {[%clk 0:35:48]} Kg8
{[%clk 0:22:25]} 35. b4 {[%clk 0:35:39]} Bf4 {[%clk 0:22:52]} 36. Ra7
{[%clk 0:35:19]} Be6 {[%clk 0:23:17]} 37. Kd3 {[%clk 0:35:35]} 1-0